[Event "FRA-ch Youth U20 2019"]
[Site "Hyeres"]
[Date "2019.04.19"]
[Round "7.1"]
[White "Laurent-Paoli, Pierre"]
[Black "Pigeat, Alexandre"]
[Result "0-1"]
[WhiteElo "2352"]
[BlackElo "2347"]
[Annotator "NA"]
[PlyCount "88"]
[EventDate "2019.04.14"]
[EventType "swiss"]
[EventCountry "FRA"]
[SourceTitle "playchess.com"]
[Source "ChessBase"]
[SourceQuality "1"]
[TimeControl "5400+30"]

1. d4 {[%emt 0:00:00]} d5 {[%emt 0:00:01]} 2. c4 {[%emt 0:00:00]} c6 {[%emt 0:00:07]} 3. Nf3 {[%emt 0:00:00]} Nf6 {[%emt 0:00:25]} 4. Nc3 {[%emt 0:00:00]} dxc4 {[%emt 0:00:21]} 5. a4 {[%emt 0:00:00]} Bf5 {[%emt 0:00:40]} 6. Ne5 {[%emt 0:00:00]} e6 {[%emt 0:04:54]} 7. f3 {[%emt 0:01:17]} Bg6 {[%emt 0:01:49]} 8. e4 {[%emt 0:02:17]} Nbd7 {[%emt 0:03:06]} 9. Nxc4 {[%emt 0:03:25]} Be7 {[%emt 0:02:50]} 10. Be2 {[%emt 0:03:46]} O-O {[%emt 0:01:56]} 11. O-O {[%emt 0:08:16]} Re8 {[%emt 0:03:32]} 12. Be3 {[%emt 0:03:33]} Qc7 {[%emt 0:07:25]} 13. Qc1 {[%emt 0:21:12]} Rad8 {[%emt 0:08:28]} 14. Bf4 {[%emt 0:04:22]} Qc8 {[%emt 0:00:06]} 15. a5 {[%emt 0:07:47]} Nf8 {[%emt 0:03:35]} 16. Rd1 {[%emt 0:05:13]} N6d7 {[%emt 0:07:40]} 17. Bd6 {[%emt 0:02:58]} Nf6 {[%emt 0:10:50]} 18. Bxe7 {[%emt 0:07:06]} Rxe7 {[%emt 0:00:06]} 19. Qg5 {[%emt 0:01:59]} Qc7 {[%emt 0:10:48]} 20. Qc5 {[%emt 0:01:19]} a6 {[%emt 0:00:03]} 21. Rac1 {[%emt 0:02:54]} h5 {[%emt 0:02:07]} 22. Qe5 {[%emt 0:04:07]} Ne8 {[%emt 0:03:22]} 23. Na4 {[%emt 0:00:54]} Nd6 {[%emt 0:01:09]} 24. Nxd6 {[%emt 0:02:57]} Rxd6 {[%emt 0:01:09]} 25. b4 {[%emt 0:01:50]} Qd8 {[%emt 0:00:59]} 26. Qc5 {[%emt 0:02:32]} f6 {[%emt 0:01:36]} 27. Nb6 {[%emt 0:01:47]} Rf7 {[%emt 0:04:34]} 28. Bc4 {[%emt 0:04:12]} Rc7 {[%emt 0:01:20]} 29. Bb3 {[%emt 0:00:36]} Bf7 {[%emt 0:05:46]} 30. e5 {[%emt 0:00:14]} fxe5 {[%emt 0:00:30]} 31. dxe5 {[%emt 0:00:07]} Rxd1+ {[%emt 0:00:39]} 32. Rxd1 {[%emt 0:00:04]} Qg5 {[%emt 0:00:22]} 33. f4 {[%emt 0:04:26]} Qxf4 {[%emt 0:04:47]} 34. Rd8 {[%emt 0:02:47]} Be8 {[%emt 0:00:06]} 35. Rxe8 {[%emt 0:01:28]} Rf7 {[%emt 0:00:14]} 36. Kh1 {[%emt 0:00:47]} Qxb4 {[%emt 0:02:02]} 37. Rxf8+ {[%emt 0:01:06]} Rxf8 {[%emt 0:00:06]} 38. Bxe6+ {[%emt 0:00:19]} Kh8 {[%emt 0:00:06]} 39. Qg1 {[%emt 0:00:52]} Re8 {[%emt 0:00:19]} 40. Bc4 {[%emt 0:00:41]} Rxe5 {[%emt 0:00:17]} 41. Bf1 {[%emt 0:00:24]} Rxa5 {[%emt 0:02:42]} 42. Nc4 {[%emt 0:00:11]} Ra1 {[%emt 0:00:13]} 43. Ne3 {[%emt 0:00:59]} Qf4 {[%emt 0:00:11]} 44. h3 {[%emt 0:00:36]} Re1 {[%emt 0:00:13]} 0-1

[Event "FRA-ch Youth U20 2019"]
[Site "Hyeres"]
[Date "2019.04.19"]
[Round "7.3"]
[White "Caille, Hugo"]
[Black "Philippe, Guillaume"]
[Result "0-1"]
[WhiteElo "2157"]
[BlackElo "2352"]
[Annotator "NA"]
[PlyCount "98"]
[EventDate "2019.04.14"]
[EventType "swiss"]
[EventCountry "FRA"]
[SourceTitle "playchess.com"]
[Source "ChessBase"]
[SourceQuality "1"]
[TimeControl "5400+30"]

1. d4 {[%emt 0:00:00]} Nf6 {[%emt 0:00:00]} 2. Nf3 {[%emt 0:00:00]} e6 {[%emt 0:00:10]} 3. c4 {[%emt 0:00:42]} b6 {[%emt 0:00:09]} 4. g3 {[%emt 0:07:04]} Bb7 {[%emt 0:04:39]} 5. Bg2 {[%emt 0:01:05]} Bb4+ {[%emt 0:01:01]} 6. Bd2 {[%emt 0:01:35]} Be7 {[%emt 0:05:24]} 7. O-O {[%emt 0:11:42]} O-O {[%emt 0:00:29]} 8. Nc3 {[%emt 0:08:09]} Qc8 {[%emt 0:05:06]} 9. b3 {[%emt 0:10:28]} c5 {[%emt 0:00:58]} 10. Rc1 {[%emt 0:10:42]} cxd4 {[%emt 0:00:49]} 11. Nxd4 {[%emt 0:00:05]} Bxg2 {[%emt 0:00:07]} 12. Kxg2 {[%emt 0:00:04]} Qb7+ {[%emt 0:05:21]} 13. f3 {[%emt 0:05:56]} d6 {[%emt 0:01:23]} 14. Nc2 {[%emt 0:05:17]} a6 {[%emt 0:01:22]} 15. e4 {[%emt 0:01:24]} Nc6 {[%emt 0:03:01]} 16. a4 {[%emt 0:03:47]} Rfd8 {[%emt 0:01:27]} 17. Qe2 {[%emt 0:01:11]} Rac8 {[%emt 0:02:58]} 18. Rfd1 {[%emt 0:04:51]} Nd7 {[%emt 0:00:39]} 19. Ne3 {[%emt 0:03:18]} Nd4 {[%emt 0:05:18]} 20. Qf2 {[%emt 0:02:18]} Nxb3 {[%emt 0:00:19]} 21. Rb1 {[%emt 0:00:03]} Ndc5 {[%emt 0:02:32]} 22. Be1 {[%emt 0:03:14]} Bg5 {[%emt 0:03:18]} 23. Ng4 {[%emt 0:08:42]} Na5 {[%emt 0:02:31]} 24. h4 {[%emt 0:00:04]} Be7 {[%emt 0:00:12]} 25. Nd5 {[%emt 0:02:35]} Nxc4 {[%emt 0:01:00]} 26. Nxb6 {[%emt 0:00:45]} Nxb6 {[%emt 0:00:24]} 27. a5 {[%emt 0:00:26]} Nxe4 {[%emt 0:05:08]} 28. Qxb6 {[%emt 0:01:29]} Qxb6 {[%emt 0:00:08]} 29. axb6 {[%emt 0:00:57]} Nc5 {[%emt 0:00:19]} 30. Bf2 {[%emt 0:03:05]} Nb7 {[%emt 0:00:13]} 31. Rbc1 {[%emt 0:00:33]} h5 {[%emt 0:01:44]} 32. Ne3 {[%emt 0:00:31]} d5 {[%emt 0:00:06]} 33. Nc2 {[%emt 0:02:14]} Bc5 {[%emt 0:01:22]} 34. Nd4 {[%emt 0:01:56]} Re8 {[%emt 0:04:26]} 35. Nb3 {[%emt 0:00:09]} Bxf2 {[%emt 0:00:31]} 36. Kxf2 {[%emt 0:00:03]} Kf8 {[%emt 0:01:38]} 37. Nd4 {[%emt 0:01:35]} Ke7 {[%emt 0:02:15]} 38. Ra1 {[%emt 0:00:03]} a5 {[%emt 0:00:17]} 39. Rdc1 {[%emt 0:00:05]} Kd7 {[%emt 0:00:17]} 40. Nb5 {[%emt 0:00:42]} Rc6 {[%emt 0:01:18]} 41. Nc7 {[%emt 0:00:44]} Rb8 {[%emt 0:02:02]} 42. Na6 {[%emt 0:00:38]} Rd8 {[%emt 0:01:38]} 43. Rcb1 {[%emt 0:00:33]} Rc2+ {[%emt 0:00:15]} 44. Ke3 {[%emt 0:00:11]} Rc4 {[%emt 0:02:31]} 45. Nc7 {[%emt 0:01:02]} Kc6 {[%emt 0:00:00]} 46. Na6 {[%emt 0:00:31]} e5 {[%emt 0:00:00]} 47. Kd3 {[%emt 0:00:21]} Nc5+ {[%emt 0:01:05]} 48. Nxc5 {[%emt 0:00:13]} Rxc5 {[%emt 0:00:05]} 49. Re1 {[%emt 0:00:42]} f6 {[%emt 0:00:16]} 0-1

[Event "FRA-ch Youth U20 2019"]
[Site "Hyeres"]
[Date "2019.04.19"]
[Round "7.4"]
[White "Laronche, Thomas"]
[Black "Roussel, Simon"]
[Result "0-1"]
[WhiteElo "2107"]
[BlackElo "2126"]
[Annotator "NA"]
[PlyCount "122"]
[EventDate "2019.04.14"]
[EventType "swiss"]
[EventCountry "FRA"]
[SourceTitle "playchess.com"]
[Source "ChessBase"]
[SourceQuality "1"]
[TimeControl "5400+30"]

1. Nf3 {[%emt 0:00:00]} d5 {[%emt 0:00:00]} 2. g3 {[%emt 0:00:00]} g6 {[%emt 0:00:00]} 3. Bg2 {[%emt 0:00:43]} Bg7 {[%emt 0:00:00]} 4. c4 {[%emt 0:03:59]} dxc4 {[%emt 0:09:50]} 5. Qa4+ {[%emt 0:00:26]} Nc6 {[%emt 0:01:50]} 6. Qxc4 {[%emt 0:01:55]} h6 {[%emt 0:02:59]} 7. Nc3 {[%emt 0:03:00]} e5 {[%emt 0:02:24]} 8. O-O {[%emt 0:01:50]} Nge7 {[%emt 0:00:42]} 9. d3 {[%emt 0:08:31]} O-O {[%emt 0:01:20]} 10. Be3 {[%emt 0:10:34]} Be6 {[%emt 0:07:00]} 11. Qa4 {[%emt 0:03:19]} Nf5 {[%emt 0:17:40]} 12. Bc5 {[%emt 0:09:21]} Re8 {[%emt 0:00:59]} 13. Rac1 {[%emt 0:05:41]} Bd7 {[%emt 0:10:22]} 14. Qd1 {[%emt 0:04:56]} b6 {[%emt 0:09:05]} 15. Ba3 {[%emt 0:01:58]} Rc8 {[%emt 0:02:25]} 16. b3 {[%emt 0:04:41]} Ncd4 {[%emt 0:08:21]} 17. Bb2 {[%emt 0:08:35]} c5 {[%emt 0:01:39]} 18. e3 {[%emt 0:02:05]} Nb5 {[%emt 0:22:24]} 19. Qc2 {[%emt 0:07:00]} Nxc3 {[%emt 0:00:00]} 20. Bxc3 {[%emt 0:00:33]} Bb5 {[%emt 0:00:00]} 21. Rfd1 {[%emt 0:00:12]} Qd6 {[%emt 0:00:00]} 22. Qb2 {[%emt 0:05:18]} f6 {[%emt 0:00:00]} 23. Nd2 {[%emt 0:02:28]} Rcd8 {[%emt 0:00:00]} 24. Nc4 {[%emt 0:01:25]} Qe7 {[%emt 0:00:00]} 25. a4 {[%emt 0:00:56]} Ba6 {[%emt 0:00:00]} 26. Bc6 {[%emt 0:02:46]} Rf8 {[%emt 0:00:00]} 27. b4 {[%emt 0:01:07]} Nd6 {[%emt 0:01:25]} 28. Nxd6 {[%emt 0:03:10]} Rxd6 {[%emt 0:00:46]} 29. Bb5 {[%emt 0:02:37]} Bb7 {[%emt 0:00:57]} 30. bxc5 {[%emt 0:00:36]} bxc5 {[%emt 0:00:01]} 31. e4 {[%emt 0:00:42]} Kh7 {[%emt 0:01:23]} 32. Rb1 {[%emt 0:00:36]} Bc8 {[%emt 0:00:28]} 33. Qe2 {[%emt 0:01:34]} h5 {[%emt 0:02:30]} 34. Bc4 {[%emt 0:01:04]} f5 {[%emt 0:00:00]} 35. f3 {[%emt 0:01:35]} Qf6 {[%emt 0:00:00]} 36. Bd5 {[%emt 0:00:49]} f4 {[%emt 0:00:00]} 37. Rb8 {[%emt 0:00:44]} Rb6 {[%emt 0:00:25]} 38. Rxb6 {[%emt 0:01:12]} axb6 {[%emt 0:00:14]} 39. Kg2 {[%emt 0:00:38]} fxg3 {[%emt 0:00:41]} 40. hxg3 {[%emt 0:00:07]} h4 {[%emt 0:00:09]} 41. Rh1 {[%emt 0:00:14]} h3+ {[%emt 0:00:04]} 42. Kf2 {[%emt 0:00:08]} Bg4 {[%emt 0:00:19]} 43. Ke1 {[%emt 0:01:47]} Qxf3 {[%emt 0:00:12]} 44. Qxf3 {[%emt 0:00:18]} Rxf3 {[%emt 0:00:02]} 45. Bc4 {[%emt 0:00:25]} Rxg3 {[%emt 0:00:12]} 46. Kf1 {[%emt 0:00:47]} g5 {[%emt 0:01:56]} 47. Bd2 {[%emt 0:00:26]} Kh6 {[%emt 0:00:40]} 48. Bb5 {[%emt 0:00:18]} Rg2 {[%emt 0:00:32]} 49. Be3 {[%emt 0:00:22]} Rb2 {[%emt 0:00:36]} 50. Kg1 {[%emt 0:00:38]} Be6 {[%emt 0:00:41]} 51. Rh2 {[%emt 0:00:11]} Rb1+ {[%emt 0:00:19]} 52. Kf2 {[%emt 0:00:03]} Kh5 {[%emt 0:00:09]} 53. Kg3 {[%emt 0:00:23]} Re1 {[%emt 0:00:28]} 54. Kf2 {[%emt 0:00:12]} Rxe3 {[%emt 0:00:40]} 55. Kxe3 {[%emt 0:00:05]} Kh4 {[%emt 0:00:04]} 56. Rh1 {[%emt 0:01:10]} g4 {[%emt 0:00:06]} 57. Bc4 {[%emt 0:01:13]} Bc8 {[%emt 0:00:28]} 58. Rb1 {[%emt 0:00:52]} h2 {[%emt 0:00:24]} 59. Kf2 {[%emt 0:00:22]} Kh3 {[%emt 0:00:04]} 60. d4 {[%emt 0:00:22]} g3+ {[%emt 0:00:09]} 61. Ke3 {[%emt 0:00:50]} g2 {[%emt 0:00:08]} 0-1

[Event "FRA-ch Youth U20 2019"]
[Site "Hyeres"]
[Date "2019.04.20"]
[Round "8.1"]
[White "Pigeat, Alexandre"]
[Black "Roussel, Simon"]
[Result "1-0"]
[WhiteElo "2347"]
[BlackElo "2126"]
[Annotator "NA"]
[PlyCount "147"]
[EventDate "2019.04.14"]
[EventType "swiss"]
[EventCountry "FRA"]
[SourceTitle "playchess.com"]
[Source "ChessBase"]
[SourceQuality "1"]
[TimeControl "5400+30"]

1. d4 {[%emt 0:00:00]} d5 {[%emt 0:00:00]} 2. c4 {[%emt 0:00:02]} dxc4 {[%emt 0:00:00]} 3. Qa4+ {[%emt 0:02:09]} Qd7 {[%emt 0:08:53]} 4. Qxc4 {[%emt 0:00:47]} Qc6 {[%emt 0:00:31]} 5. Nd2 {[%emt 0:02:34]} Qxc4 {[%emt 0:01:58]} 6. Nxc4 {[%emt 0:00:08]} Nc6 {[%emt 0:03:40]} 7. Bf4 {[%emt 0:11:58]} Nxd4 {[%emt 0:09:18]} 8. O-O-O {[%emt 0:00:07]} Ne6 {[%emt 0:01:58]} 9. e3 {[%emt 0:06:19]} Nxf4 {[%emt 0:09:32]} 10. exf4 {[%emt 0:00:06]} e6 {[%emt 0:04:15]} 11. Nh3 {[%emt 0:12:25]} Bc5 {[%emt 0:05:56]} 12. Bd3 {[%emt 0:10:07]} Ne7 {[%emt 0:01:44]} 13. Ng5 {[%emt 0:02:02]} Nc6 {[%emt 0:14:08]} 14. Be4 {[%emt 0:12:48]} Bxf2 {[%emt 0:06:44]} 15. g3 {[%emt 0:04:14]} h6 {[%emt 0:04:45]} 16. Nf3 {[%emt 0:11:26]} O-O {[%emt 0:03:36]} 17. Rd2 {[%emt 0:00:09]} Bc5 {[%emt 0:01:27]} 18. Rhd1 {[%emt 0:00:07]} g6 {[%emt 0:08:58]} 19. Kb1 {[%emt 0:00:42]} Rb8 {[%emt 0:02:09]} 20. Bxc6 {[%emt 0:09:02]} bxc6 {[%emt 0:00:01]} 21. Nfe5 {[%emt 0:00:12]} Rb4 {[%emt 0:08:17]} 22. b3 {[%emt 0:01:55]} Ba6 {[%emt 0:01:41]} 23. Nxc6 {[%emt 0:01:27]} Bxc4 {[%emt 0:01:02]} 24. Nxb4 {[%emt 0:00:50]} Bxb4 {[%emt 0:00:01]} 25. bxc4 {[%emt 0:00:48]} Bxd2 {[%emt 0:00:05]} 26. Rxd2 {[%emt 0:00:04]} Rb8+ {[%emt 0:00:10]} 27. Kc2 {[%emt 0:00:05]} Rb6 {[%emt 0:01:15]} 28. Rd7 {[%emt 0:00:49]} Rc6 {[%emt 0:00:13]} 29. Kc3 {[%emt 0:00:24]} Kf8 {[%emt 0:00:07]} 30. Kb4 {[%emt 0:00:32]} Ke8 {[%emt 0:00:21]} 31. Rd2 {[%emt 0:00:07]} Ke7 {[%emt 0:01:10]} 32. c5 {[%emt 0:00:35]} a6 {[%emt 0:00:36]} 33. Kc4 {[%emt 0:00:16]} f6 {[%emt 0:00:53]} 34. g4 {[%emt 0:00:34]} f5 {[%emt 0:01:00]} 35. h3 {[%emt 0:01:27]} g5 {[%emt 0:00:24]} 36. Re2 {[%emt 0:04:54]} gxf4 {[%emt 0:00:36]} 37. gxf5 {[%emt 0:03:20]} Kf6 {[%emt 0:00:07]} 38. Kd4 {[%emt 0:00:27]} Kxf5 {[%emt 0:00:41]} 39. Re5+ {[%emt 0:00:06]} Kf6 {[%emt 0:00:33]} 40. h4 {[%emt 0:00:56]} f3 {[%emt 0:00:39]} 41. Re3 {[%emt 0:00:14]} e5+ {[%emt 0:00:32]} 42. Kd5 {[%emt 0:00:01]} Re6 {[%emt 0:01:04]} 43. Rxf3+ {[%emt 0:00:09]} Ke7 {[%emt 0:00:00]} 44. a3 {[%emt 0:03:13]} a5 {[%emt 0:00:00]} 45. Ke4 {[%emt 0:00:10]} Rf6 {[%emt 0:00:30]} 46. Rg3 {[%emt 0:01:31]} Ke6 {[%emt 0:00:07]} 47. h5 {[%emt 0:00:10]} Rf4+ {[%emt 0:00:39]} 48. Ke3 {[%emt 0:00:04]} Ra4 {[%emt 0:01:05]} 49. Rg6+ {[%emt 0:00:01]} Kd5 {[%emt 0:00:06]} 50. Rxh6 {[%emt 0:00:19]} Rxa3+ {[%emt 0:00:03]} 51. Kd2 {[%emt 0:00:18]} Rh3 {[%emt 0:00:40]} 52. c6 {[%emt 0:00:43]} a4 {[%emt 0:00:14]} 53. Kc2 {[%emt 0:00:09]} a3 {[%emt 0:00:11]} 54. Kb1 {[%emt 0:00:08]} Rh2 {[%emt 0:00:14]} 55. Rh7 {[%emt 0:01:24]} Kxc6 {[%emt 0:00:05]} 56. h6 {[%emt 0:00:03]} Kd5 {[%emt 0:01:47]} 57. Rd7+ {[%emt 0:00:54]} Kc6 {[%emt 0:00:04]} 58. Rh7 {[%emt 0:00:08]} Kd6 {[%emt 0:00:32]} 59. Rh8 {[%emt 0:00:31]} Kd5 {[%emt 0:00:49]} 60. h7 {[%emt 0:00:33]} Ke4 {[%emt 0:00:15]} 61. Ra8 {[%emt 0:01:04]} Rxh7 {[%emt 0:00:06]} 62. Ra4+ {[%emt 0:00:02]} Kd5 {[%emt 0:00:20]} 63. Rxa3 {[%emt 0:00:06]} c5 {[%emt 0:00:10]} 64. Kc2 {[%emt 0:00:31]} e4 {[%emt 0:00:15]} 65. Ra4 {[%emt 0:00:31]} Rh3 {[%emt 0:00:30]} 66. Kd2 {[%emt 0:00:09]} Rd3+ {[%emt 0:00:56]} 67. Ke2 {[%emt 0:00:01]} Rb3 {[%emt 0:01:09]} 68. Ra8 {[%emt 0:00:21]} Rh3 {[%emt 0:00:59]} 69. Rd8+ {[%emt 0:00:46]} Kc4 {[%emt 0:00:11]} 70. Re8 {[%emt 0:00:58]} Kd4 {[%emt 0:00:32]} 71. Rd8+ {[%emt 0:01:28]} Kc3 {[%emt 0:00:33]} 72. Re8 {[%emt 0:00:05]} e3 {[%emt 0:01:02]} 73. Kd1 {[%emt 0:00:53]} c4 {[%emt 0:00:33]} 74. Re7 {[%emt 0:00:02]} 1-0

[Event "FRA-ch Youth U20 2019"]
[Site "Hyeres"]
[Date "2019.04.20"]
[Round "8.2"]
[White "Eugene, Floryan"]
[Black "Philippe, Guillaume"]
[Result "1-0"]
[WhiteElo "2294"]
[BlackElo "2352"]
[Annotator "NA"]
[PlyCount "63"]
[EventDate "2019.04.14"]
[EventType "swiss"]
[EventCountry "FRA"]
[SourceTitle "playchess.com"]
[Source "ChessBase"]
[SourceQuality "1"]
[TimeControl "5400+30"]

1. e4 {[%emt 0:00:23]} d6 {[%emt 0:00:00]} 2. d4 {[%emt 0:01:19]} Nf6 {[%emt 0:00:00]} 3. Nc3 {[%emt 0:00:17]} g6 {[%emt 0:00:14]} 4. Nf3 {[%emt 0:04:01]} Bg7 {[%emt 0:03:34]} 5. Bc4 {[%emt 0:06:36]} O-O {[%emt 0:01:49]} 6. h3 {[%emt 0:05:00]} Nxe4 {[%emt 0:02:17]} 7. Nxe4 {[%emt 0:00:03]} d5 {[%emt 0:00:10]} 8. Bd3 {[%emt 0:00:12]} dxe4 {[%emt 0:00:06]} 9. Bxe4 {[%emt 0:00:01]} Nd7 {[%emt 0:10:34]} 10. O-O {[%emt 0:01:31]} c5 {[%emt 0:00:34]} 11. c3 {[%emt 0:05:54]} cxd4 {[%emt 0:06:43]} 12. Nxd4 {[%emt 0:05:30]} Nc5 {[%emt 0:00:59]} 13. Bc2 {[%emt 0:00:37]} Qc7 {[%emt 0:04:33]} 14. Qf3 {[%emt 0:06:16]} Bd7 {[%emt 0:03:40]} 15. Nb3 {[%emt 0:10:47]} Bc6 {[%emt 0:03:01]} 16. Qe3 {[%emt 0:01:44]} Ne6 {[%emt 0:01:09]} 17. Re1 {[%emt 0:02:38]} b6 {[%emt 0:01:54]} 18. Be4 {[%emt 0:00:22]} Rad8 {[%emt 0:00:44]} 19. Qf3 {[%emt 0:03:14]} Bxe4 {[%emt 0:05:33]} 20. Qxe4 {[%emt 0:00:35]} Rd7 {[%emt 0:00:09]} 21. Be3 {[%emt 0:00:52]} Rfd8 {[%emt 0:00:22]} 22. a4 {[%emt 0:09:18]} Rd5 {[%emt 0:01:11]} 23. a5 {[%emt 0:34:20]} b5 {[%emt 0:15:24]} 24. a6 {[%emt 0:00:00]} R8d6 {[%emt 0:00:28]} 25. Na5 {[%emt 0:00:00]} Nd8 {[%emt 0:08:35]} 26. c4 {[%emt 0:00:00]} Re5 {[%emt 0:02:18]} 27. Qa8 {[%emt 0:00:00]} Rxa6 {[%emt 0:03:41]} 28. Red1 {[%emt 0:00:00]} Rd6 {[%emt 0:00:33]} 29. c5 {[%emt 0:00:00]} Rd7 {[%emt 0:06:52]} 30. Nc6 {[%emt 0:00:00]} Rxe3 {[%emt 0:07:25]} 31. Rxd7 {[%emt 0:00:00]} Qxd7 {[%emt 0:00:32]} 32. Nxd8 {[%emt 0:00:00]} 1-0

[Event "FRA-ch Youth U20 2019"]
[Site "Hyeres"]
[Date "2019.04.20"]
[Round "8.3"]
[White "Laurent-Paoli, Pierre"]
[Black "Afraoui, Anaelle"]
[Result "1-0"]
[WhiteElo "2352"]
[BlackElo "2031"]
[Annotator "NA"]
[PlyCount "61"]
[EventDate "2019.04.14"]
[EventType "swiss"]
[EventCountry "FRA"]
[SourceTitle "playchess.com"]
[Source "ChessBase"]
[SourceQuality "1"]
[TimeControl "5400+30"]

1. d4 {[%emt 0:00:00]} Nf6 {[%emt 0:00:00]} 2. c4 {[%emt 0:00:00]} d6 {[%emt 0:00:00]} 3. Nc3 {[%emt 0:00:00]} e5 {[%emt 0:00:00]} 4. e3 {[%emt 0:20:04]} Nbd7 {[%emt 0:04:45]} 5. Nf3 {[%emt 0:00:15]} g6 {[%emt 0:01:26]} 6. Be2 {[%emt 0:03:41]} Bg7 {[%emt 0:00:15]} 7. b3 {[%emt 0:00:45]} O-O {[%emt 0:05:41]} 8. Bb2 {[%emt 0:00:48]} Re8 {[%emt 0:03:16]} 9. Qc2 {[%emt 0:03:45]} exd4 {[%emt 0:03:30]} 10. exd4 {[%emt 0:08:07]} Nf8 {[%emt 0:04:54]} 11. O-O {[%emt 0:00:30]} Bf5 {[%emt 0:05:24]} 12. Qd2 {[%emt 0:03:26]} d5 {[%emt 0:08:40]} 13. Rad1 {[%emt 0:09:06]} c6 {[%emt 0:04:13]} 14. Rfe1 {[%emt 0:04:01]} Qd6 {[%emt 0:05:26]} 15. Ne5 {[%emt 0:06:43]} Rad8 {[%emt 0:12:55]} 16. Bf3 {[%emt 0:04:58]} Ne4 {[%emt 0:09:10]} 17. Bxe4 {[%emt 0:00:45]} dxe4 {[%emt 0:00:53]} 18. Qe2 {[%emt 0:07:09]} f6 {[%emt 0:04:05]} 19. c5 {[%emt 0:04:50]} Qe6 {[%emt 0:02:02]} 20. Nc4 {[%emt 0:00:06]} Bg4 {[%emt 0:01:06]} 21. f3 {[%emt 0:00:04]} exf3 {[%emt 0:01:18]} 22. Qf2 {[%emt 0:00:03]} Qd7 {[%emt 0:03:08]} 23. Rxe8 {[%emt 0:00:31]} Rxe8 {[%emt 0:01:22]} 24. Nd6 {[%emt 0:00:41]} Re7 {[%emt 0:01:03]} 25. h3 {[%emt 0:00:49]} Bh6 {[%emt 0:01:45]} 26. Nce4 {[%emt 0:02:16]} Re6 {[%emt 0:06:46]} 27. hxg4 {[%emt 0:01:00]} f5 {[%emt 0:00:16]} 28. g5 {[%emt 0:02:02]} fxe4 {[%emt 0:01:00]} 29. gxh6 {[%emt 0:00:07]} Qe7 {[%emt 0:01:36]} 30. d5 {[%emt 0:01:35]} cxd5 {[%emt 0:00:40]} 31. Qd4 {[%emt 0:00:22]} 1-0

[Event "FRA-ch Youth U20 2019"]
[Site "Hyeres"]
[Date "2019.04.20"]
[Round "8.4"]
[White "Roque, Gaetan"]
[Black "De Lussac, Rainier"]
[Result "1-0"]
[WhiteElo "2029"]
[BlackElo "2152"]
[Annotator "NA"]
[PlyCount "71"]
[EventDate "2019.04.14"]
[EventType "swiss"]
[EventCountry "FRA"]
[SourceTitle "playchess.com"]
[Source "ChessBase"]
[SourceQuality "1"]
[TimeControl "5400+30"]

1. d4 {[%emt 0:00:00]} Nf6 {[%emt 0:00:00]} 2. c4 {[%emt 0:00:11]} e6 {[%emt 0:00:00]} 3. Nf3 {[%emt 0:00:04]} Bb4+ {[%emt 0:01:13]} 4. Nbd2 {[%emt 0:00:10]} d6 {[%emt 0:00:04]} 5. a3 {[%emt 0:00:55]} Bxd2+ {[%emt 0:00:06]} 6. Qxd2 {[%emt 0:00:04]} O-O {[%emt 0:03:26]} 7. b4 {[%emt 0:04:29]} Nbd7 {[%emt 1:28:41]} 8. Bb2 {[%emt 0:00:08]} b6 {[%emt 0:00:00]} 9. g3 {[%emt 0:05:54]} Bb7 {[%emt 0:00:00]} 10. Bg2 {[%emt 0:00:04]} Ne4 {[%emt 0:00:00]} 11. Qc2 {[%emt 0:00:58]} f5 {[%emt 0:00:00]} 12. O-O {[%emt 0:00:52]} Qe8 {[%emt 0:00:00]} 13. d5 {[%emt 0:13:16]} e5 {[%emt 0:00:00]} 14. Nh4 {[%emt 0:05:25]} g6 {[%emt 0:00:00]} 15. Bxe4 {[%emt 0:02:03]} fxe4 {[%emt 0:00:00]} 16. Qxe4 {[%emt 0:00:25]} Qe7 {[%emt 0:00:00]} 17. Bc1 {[%emt 0:05:24]} b5 {[%emt 0:00:00]} 18. Bh6 {[%emt 0:03:40]} Rf7 {[%emt 0:00:00]} 19. Rad1 {[%emt 0:01:31]} Nf6 {[%emt 0:00:00]} 20. Qc2 {[%emt 0:00:06]} c6 {[%emt 0:00:00]} 21. Bg5 {[%emt 0:16:20]} Kg7 {[%emt 0:00:00]} 22. e4 {[%emt 0:02:19]} bxc4 {[%emt 0:00:26]} 23. dxc6 {[%emt 0:00:46]} Bxc6 {[%emt 0:00:21]} 24. Qxc4 {[%emt 0:00:06]} Bb7 {[%emt 0:00:47]} 25. Qd3 {[%emt 0:01:12]} h6 {[%emt 0:01:54]} 26. Bxf6+ {[%emt 0:00:02]} Rxf6 {[%emt 0:00:04]} 27. Ng2 {[%emt 0:01:00]} Raf8 {[%emt 0:04:16]} 28. Ne3 {[%emt 0:01:14]} Qd7 {[%emt 0:00:14]} 29. Nc4 {[%emt 0:01:51]} Ba6 {[%emt 0:02:15]} 30. Qd5 {[%emt 0:01:47]} Qb5 {[%emt 0:00:40]} 31. Qxb5 {[%emt 0:01:13]} Bxb5 {[%emt 0:00:01]} 32. Rc1 {[%emt 0:00:01]} Rf3 {[%emt 0:00:45]} 33. a4 {[%emt 0:01:24]} Bxa4 {[%emt 0:00:02]} 34. Nxd6 {[%emt 0:00:05]} Rd8 {[%emt 0:00:42]} 35. Rc7+ {[%emt 0:00:40]} Kf6 {[%emt 0:00:17]} 36. Rf7+ {[%emt 0:00:10]} 1-0